000 00211nam a2200097Ia 4500
008 240331s9999 xx 000 0 und d
082 _bABO
100 _aAftab, Tahera. ed
245 0 _aAbolish Violence
942 _cL
999 _c3213
_d3213